| 000 | 00384nam a2200145 a 4500 | ||
|---|---|---|---|
| 001 | 1360 | ||
| 003 | CDMR | ||
| 005 | 20130116135209.0 | ||
| 008 | 130130s1923||||||||||||||||||||||||||||d | ||
| 040 |
_aCDMR _bcat _cCPC GIRONA |
||
| 100 | 1 |
_aSás Murias, Ramiro de _91056 |
|
| 245 | 1 | 0 |
_aGramática de la lengua francesa _cDe Sás Murias, Ramiro |
| 260 |
_c1923 _bVelasco Hermanos |
||
| 942 | _cMON | ||
| 999 |
_c1360 _d1360 |
||